000 00386cam a22001217a 4500
008 180718bn.d. xxu||||| |||| 00| 0 eng d
082 _aA81x54 In2/71/27/PT6C/M
100 _aCensus of India 1971
245 _aDelhi: a re-study of village Mandi
260 _aDelhi
_bThe Controller of Publications
_cn.d.
300 _a549+p.
440 _aCensus of India 1971. Series-27, Delhi. Part VI-C
999 _c485588
_d485588